000 00381nam a2200133 i 4500
001 bg
100 1 _aKOWALSKI, Jerzy
245 0 _aModelowanie obiektów konstrukcyjnych w projektowaniu optymalnym /
_cJerzy Kowalski.
260 _aWarszawa :
_bWydawnictwa Naukowo-Techniczne,
_c1983.
040 _cBPK
041 _apol
942 _cKS
008 s pl f |000 0 pol
999 _c22428
_d22428
856 _uhttp://koha.tu.koszalin.pl/cgi-bin/koha/opac-detail.pl?biblionumber=22428
_yKatalog online BPK